ՀՀ Գիտությունների ազգային ակադեմիայի հիմնարար գիտական գրադարան  =   Fundamental Scientific Library of NAS RA

Նախնեաց ոտնահետքերով : (Record no. 81761)

MARC details
000 -LEADER
fixed length control field 00785nam a2200205 u 4500
001 - CONTROL NUMBER
control field 000231887
003 - CONTROL NUMBER IDENTIFIER
control field AM-YeHGA
005 - DATE AND TIME OF LATEST TRANSACTION
control field 20250618071554.0
008 - FIXED-LENGTH DATA ELEMENTS--GENERAL INFORMATION
fixed length control field 030605s1995 ai ||||gr|||||000|0|arm|d
040 ## - CATALOGING SOURCE
Original cataloging agency AM-YeHGA
041 0# - LANGUAGE CODE
Language code of text/sound track or separate title arm
090 ## - LOCALLY ASSIGNED LC-TYPE CALL NUMBER (OCLC); LOCAL CALL NUMBER (RLIN)
-- 83029
100 1# - MAIN ENTRY--PERSONAL NAME
Personal name Հարությունյան, Վարազդատ Մարտիրոսի,
Dates associated with a name 1909-2008
9 (RLIN) 1194
245 10 - TITLE STATEMENT
Title Նախնեաց ոտնահետքերով :
Remainder of title [Ուղեգրություն] /
Statement of responsibility, etc. Վ.Մ. Հարությունյան.
260 ## - PUBLICATION, DISTRIBUTION, ETC.
Place of publication, distribution, etc. Երևան :
Manufacturer տպ. Մայր Աթոռ Ս. Էջմիածնի,
Date of publication, distribution, etc. 1995.
300 ## - PHYSICAL DESCRIPTION
Extent 56 էջ :
Other physical details [15] էջ նկ. ;
Dimensions 20 սմ.
650 14 - SUBJECT ADDED ENTRY--TOPICAL TERM
Topical term or geographic name entry element Հայ ժողովրդի պատմություն
Geographic subdivision Վան-Վասպուրական
653 0# - INDEX TERM--UNCONTROLLED
Uncontrolled term Հայկական հուշարձաններ
942 ## - ADDED ENTRY ELEMENTS (KOHA)
Source of classification or shelving scheme Universal Decimal Classification
Koha item type Գրքեր / Books
Holdings
Withdrawn status Lost status Damaged status Not for loan Collection Home library Current library Date acquired Total checkouts Full call number Barcode Date last seen Copy number Price effective from Koha item type Public note
        General Fundamental Scientific Library Fundamental Scientific Library 22/12/2016   AII/84212 FL0216841 22/12/2016 72(479.25) 22/12/2016 Գրքեր / Books 30 Days Loan


ՀՀ ԳԱԱ հիմնարար գիտական գրադարան
ՀՀ,Երևան 0019
Մարշալ Բաղրամյան 24/6
հեռախոս:(374-10) 52-47-50
Հետադարձ կապ

All site content, except where otherwise noted, is licensed under a
Creative Commons License